| 000 | 00611nam a22001937a 4500 | ||
|---|---|---|---|
| 999 |
_c196613 _d196613 |
||
| 005 | 20230718171235.0 | ||
| 010 | _aUR-12079 | ||
| 020 |
_a9789350733592 _c220.00 |
||
| 035 | _aU-10634 | ||
| 037 | _bDBAD/PUB | ||
| 082 | _a840.92 | ||
| 100 | _aچشتی ، انیس | ||
| 245 |
_aیادیں ورق ورق / _cانیس چشتی |
||
| 246 |
_aYaadein Waraq Waraq / _bby Anees Chishti |
||
| 260 |
_aNew Delhi _bEducational Publishing House _c2014 ء |
||
| 270 |
_a3191, Vakil Street, Kucha Pandit, Lal Kuan _bDelhi _e110006 |
||
| 300 |
_a224 ص _c23cm(Hb) |
||
| 942 |
_2ddc _cUR _h840.92 _mچ ش ت |
||